| 000 | 00875nam a2200289 a 4500 | ||
|---|---|---|---|
| 003 | AR-BaBNM | ||
| 005 | 20251128210606.0 | ||
| 008 | 082120s2002 ||||||||||||||000 | spa|| | ||
| 020 | _a987-9439-05-8 | ||
| 040 | _cAR-BaBNM | ||
| 100 | 1 | _aMiguel, Marcelo Mario | |
| 245 | 0 | 0 | _aIntroducción a la didáctica de la educación tecnológica |
| 260 |
_aCórdoba _bGrafos XXI _c2000 |
||
| 300 |
_a101 p. _bgráfs., tablas |
||
| 500 | _aContiene referencias bibliográficas y documentales | ||
| 650 | 4 | _aMETODOS DE ENSEÑANZA | |
| 650 | 4 | _aTECNICAS DIDACTICAS | |
| 653 | _aEDUCACION TECNOLOGICA | ||
| 653 | _aENSEÑANZA DE LA TECNOLOGIA | ||
| 653 | _aEDUCACION GENERAL BASICA | ||
| 653 | _aEDUCACION INICIAL | ||
| 653 | _aEXPECTATIVAS DE LOGRO | ||
| 653 | _aCONTENIDOS CURRICULARES | ||
| 700 | 1 |
_aQuintana, Edgardo _eilustrador |
|
| 942 | _cBK | ||
| 998 | _cRaquel | ||
| 999 |
_c16080 _d16080 |
||